LEADER 01279nam a2200289 u 4500 001 000000007726 003 CaOOAMICUS 005 20070226105021.0 008 940514s1952 it u000 u ita u 035 $a10202050 040 $aPUL(R)$bita 100 1 $aBozzetti, Giuseppe,$cI.D.C.,$d1878-1956.$0(OLS)http://pul/name/7739 245 10$aChe cosa è la filosofia /$cGiuseppe Bozzetti. 260 $aRoma :$bEditrice Studium,$c1952. 300 $a123 p. ;$c17 cm 490 1 $aUniversale studium ;$v11 504 $aBibliografia p. 122. 650 4$aFilosofia teoretica.$0(OLS)http://pul/subject/3060 830 0$aUniversale studium ;$v11.$0(OLS)http://pul/title/5921 850 $aPUL 852 $aPUL$W1$xDP1 Fondo Ciprotti$y59$m1536 E 11$j10937$nBK-PRI$b $qFondi$B10937$CPULBib$Z2$F10937 $81 852 $aPUL$W1$xDP1 Fondo Pastorale$y55$mP18 F 37$j10939$nBK-PRI$b $qFondi$B10939$CPULBib$Z2$F10939 $HPUL58498 $81 852 $aPUL$W1$xDP1 Fondo Cecchetti$y53$m260 L 82$j194717$nBK-PRI$b $qFondi$B10938$CPULBib$Z2$F10938 $81 941 1 $a1 961 $aINV: 1033. fondo Ciprotti 996 $6245$aChe cosa è la filosofia$9(OLS)http://pul/title/11269 996 $6260$aRoma :$bEditrice Studium$9(OLS)http://pul/publisher/48180 LEADER 01218nam a2200277 u 4500 001 000000072723 003 CaOOAMICUS 005 20070226122255.0 008 020620s1976 sp u000 u spa u 020 $a8424403886 035 $a10934189 040 $aPUL(R)$bita 100 1 $aCapella, Juan-Ramon.$0(OLS)http://pul/name/48117 245 10$aMateriales para la critica de la filosofia del Estado /$cJuan-Ramon Capella. 260 $aBarcelona :$bEditorial Fontanella,$c1976. 300 $a211 p. ;$c23 cm 490 1 $aLibros de confrontacion.$aFilosofia ;$v7 504 $aBibliografia in nota. 650 4$aFilosofia politica$xCritica e interpretazione.$0(OLS)http://pul/subject/25216 830 0$aLibros de confrontacion.$pFilosofia ;$v7.$0(OLS)http://pul/title/95643 850 $aPUL 852 $aPUL$W1$xDP1 Cons. Gen., Altre Classi 1$y22$m841 G 28$j94075$nBK-PRI$b $qStampati$B94075$CPULBib$Z2$F94075 $H63947 $81 941 1 $a8 996 $6020$a8424403886$9(OLS)http://pul/number/93846 996 $6245$aMateriales para la critica de la filosofia del Estado$9(OLS)http://pul/title/95642 996 $6260$aBarcelona :$bEditorial Fontanella$9(OLS)http://pul/publisher/74086 LEADER 00989naa a2200205 u 4500 001 000000100824 003 CaOOAMICUS 005 20070226130204.0 008 051202s1986 it u000 u ita u 035 $a11071150 040 $aIAR$bita 100 1 $aConte, Pietro,$d1931-$0(OLS)http://pul/name/11625 245 10$a[Recensione :] J.M. Petersen; The dialogues of Gregory the Great in their late antique cultural background /$cPietro Conte. 260 $a[Milano :$bVita e pensiero],$c[1986] 300 $aS. 309-317 ;$c25 cm 600 14$aPetersen, Joan Margaret,$d1914-$tDialogues of Gregory the Great in their late antique background.$0(OLS)http://pul/subject/32413 730 0 $aAevum$g[Spogli].$0(OLS)http://pul/title/11692 773 0 $tAevum$k60 (1986)$w()8026 996 $6245$a[Recensione :] J.M. Petersen; The dialogues of Gregory the Great in their late antique cultural background$9(OLS)http://pul/title/127723 996 $6260$a[Milano :$bVita e pensiero]$9(OLS)http://pul/publisher/79155